00567cam a22002057a 4500003000500000005001700005008004100022010001000063011001000073035001000083040000900093082001500102110006400117245003500181260003800216300001900254650003700273650004000310650001100350CHAP20220329134641.0971013s1970 mx r 00010 spa d a23619 a24591 a28690 cCHAP04a628.1bC632 aComisión Hidrológica de la Cuenca del Valle de México14aLos acuíferos del alto Lerma aMéxico, D. F. :b[s. e.],c1970 a61 h. :bmapas14aAgua subterraneazMexico (Edo.).14aAguaxAbastecimientoxMexico (D.F.)14aPozos.